Eine Einzelfallanalyse zu den Motiven jihadistischer Tathandlungen

In diesem Beitrag wird anhand eines ausgewählten Falls eine qualitative Einzelfallanalyse durchgeführt, bei der die Beweggründe hinter den strafrechtlich relevanten Tathandlungen rekonstruiert werden. Grundlage der Analyse bildet die Akte eines Strafverfahrens, das zu einer Verurteilung wegen Mitgli...

Descripción completa

Guardado en:  
Detalles Bibliográficos
Autores principales: Fecher, Lena (Autor) ; Hirth, Maria-Anna 1992- (Autor) ; Dessecker, Axel 1958- (Autor)
Tipo de documento: Print Artículo
Lenguaje:Alemán
Publicado: 2022
En: MOTRA-Monitor
Año: 2022, Páginas: 252-272
Verificar disponibilidad: HBZ Gateway
Palabras clave:
Parallel Edition:Electrónico

MARC

LEADER 00000naa a2200000 c 4500
001 1941384900
003 DE-627
005 20251117102001.0
007 tu
008 251117s2022 xx ||||| 00| ||ger c
035 |a (DE-627)1941384900 
035 |a (DE-599)KXP1941384900 
040 |a DE-627  |b ger  |c DE-627  |e rda 
041 |a ger 
084 |a 2,1  |2 ssgn 
100 1 |a Fecher, Lena  |e VerfasserIn  |0 (DE-588)1334301220  |0 (DE-627)1892405210  |4 aut 
109 |a Fecher, Lena 
245 1 5 |a Eine Einzelfallanalyse zu den Motiven jihadistischer Tathandlungen  |c Lena Fecher, Maria-Anna Hirth, Axel Dessecker 
264 1 |c 2022 
336 |a Text  |b txt  |2 rdacontent 
337 |a ohne Hilfsmittel zu benutzen  |b n  |2 rdamedia 
338 |a Band  |b nc  |2 rdacarrier 
500 |a Literaturverzeichnis: Seite 271-272 
520 |a In diesem Beitrag wird anhand eines ausgewählten Falls eine qualitative Einzelfallanalyse durchgeführt, bei der die Beweggründe hinter den strafrechtlich relevanten Tathandlungen rekonstruiert werden. Grundlage der Analyse bildet die Akte eines Strafverfahrens, das zu einer Verurteilung wegen Mitgliedschaft in einer terroristischen Vereinigung im Ausland geführt hat. In der Analyse kann eine Vielzahl von Motiven herausgearbeitet werden. 
650 0 7 |0 (DE-588)4059534-1  |0 (DE-627)106143212  |0 (DE-576)209131136  |a Terrorismus  |2 gnd 
650 0 7 |0 (DE-588)4124897-1  |0 (DE-627)104188782  |0 (DE-576)209571985  |a Fallstudie  |2 gnd 
650 4 |a Motive 
650 4 |a Strafverfahrensaktenanalyse 
650 4 |a Einzelfallanalyse 
700 1 |a Hirth, Maria-Anna  |d 1992-  |e VerfasserIn  |0 (DE-588)1267695951  |0 (DE-627)1816327891  |4 aut 
700 1 |a Dessecker, Axel  |d 1958-  |e VerfasserIn  |0 (DE-588)112875106  |0 (DE-627)51954076X  |0 (DE-576)169229076  |4 aut 
773 0 8 |i Enthalten in  |a MOTRA (Projekt)  |t MOTRA-Monitor  |d Wiesbaden : [MOTRA Bundeskriminalamt - Forschungsstelle Terrorismus/Extremismus], 2021  |g (2022), Seite 252-272  |h Bände  |w (DE-627)1782083618  |w (DE-600)3103891-8  |7 nnas 
773 1 8 |g year:2022  |g pages:252-272 
776 0 8 |i Erscheint auch als  |n Online-Ausgabe  |a Fecher, Lena  |t Eine Einzelfallanalyse zu den Motiven jihadistischer Tathandlungen  |d 2023  |w (DE-627)1883924502  |k Electronic 
951 |a AR 
ELC |b 1 
LOK |0 000 xxxxxcx a22 zn 4500 
LOK |0 001 4807842080 
LOK |0 003 DE-627 
LOK |0 004 1941384900 
LOK |0 005 20251117101701 
LOK |0 008 251117||||||||||||||||ger||||||| 
LOK |0 040   |a DE-2619  |c DE-627  |d DE-2619 
LOK |0 092   |o n 
LOK |0 852   |a DE-2619 
LOK |0 852 1  |9 00 
LOK |0 939   |a 17-11-25  |b l01 
ORI |a SA-MARC-krimdoka001.raw